01363nam a2200337 a 4500001001200000003000800012006001900020007001500039008004100054020001800095020002700113040002100140035002100161050003200182100001800214245013800232260003700370300003700407490003500444500002000479533015200499630001100651650003900662650005800701650004300759655002900802710001700831830003600848856012600884999001501010ebr10714616CaPaEBRm o u cr cn|||||||||130603s2013 enka s 001 0 eng d z9781782161264 z9781782161271 (e-book) aCaPaEBRcCaPaEBR a(OCoLC)84991903714aTK5105.8885.J42bB35 2013eb1 aBali, Michal.10aDrools JBoss rules 5.X developer's guideh[electronic resource] :bdefine and execute your business rules with Drools /cMichal Bali. aBirmingham :bPackt Pub.,c2013. avii, 316 p. :bill. (some col.).1 aCommunity experience distilled aIncludes index. aElectronic reproduction.bPalo Alto, Calif. :cebrary,d2013.nAvailable via World Wide Web.nAccess may be limited to ebrary affiliated libraries.00aJBoss. 0aApplication softwarexDevelopment. 0aEnterprise application integration (Computer systems) 0aBusinessxData processingxManagement. 7aElectronic books.2local2 aebrary, Inc. 0aCommunity experience distilled.40uhttp://site.ebrary.com/lib/rucke/Doc?id=10714616zAn electronic book accessible through the World Wide Web; click to view c1618d1618